Be alert / (Record no. 4333)

MARC details
000 -LEADER
fixed length control field 00844cam a22002537a 4500
001 - CONTROL NUMBER
control field 2843424
003 - CONTROL NUMBER IDENTIFIER
control field GBCCL
005 - DATE AND TIME OF LATEST TRANSACTION
control field 20241126110516.0
008 - FIXED-LENGTH DATA ELEMENTS--GENERAL INFORMATION
fixed length control field 850314s1984 ilu 000 0 eng
010 ## -
-- 84050147
020 ## - INTERNATIONAL STANDARD BOOK NUMBER
International Standard Book Number 0896933806
040 ## - CATALOGING SOURCE
Original cataloging agency DLC
Transcribing agency DLC
Modifying agency DLC
050 00 -
-- MLCS 85/2042 (B)
082 ## - DEWEY DECIMAL CLASSIFICATION NUMBER
Classification number 227.9
Item number WIE
100 1# - MAIN ENTRY--PERSONAL NAME
Personal name Wiersbe, Warren W.
9 (RLIN) 623
245 10 - TITLE STATEMENT
Title Be alert /
Statement of responsibility, etc. Warren W. Wiersbe.
260 ## - PUBLICATION, DISTRIBUTION, ETC.
Place of publication, distribution, etc. Wheaton, Ill. :
Name of publisher, distributor, etc. Victor Books,
Date of publication, distribution, etc. c1984.
300 ## - PHYSICAL DESCRIPTION
Extent 168 p. ;
Dimensions 21 cm.
650 ## - SUBJECT ADDED ENTRY--TOPICAL TERM
Topical term or geographic name entry element Bible- NT
Form subdivision 2 Peter
General subdivision study
9 (RLIN) 8168
856 42 - ELECTRONIC LOCATION AND ACCESS
Materials specified Contributor biographical information
Uniform Resource Identifier <a href="http://www.loc.gov/catdir/enhancements/fy0909/84050147-b.html">http://www.loc.gov/catdir/enhancements/fy0909/84050147-b.html</a>
856 42 - ELECTRONIC LOCATION AND ACCESS
Materials specified Publisher description
Uniform Resource Identifier <a href="http://www.loc.gov/catdir/enhancements/fy0909/84050147-d.html">http://www.loc.gov/catdir/enhancements/fy0909/84050147-d.html</a>
906 ## - LOCAL DATA ELEMENT F, LDF (RLIN)
a 7
b cbc
c orignew
d u
e ocip
f 19
g y-gencatlg
942 ## - ADDED ENTRY ELEMENTS (KOHA)
Source of classification or shelving scheme Dewey Decimal Classification
Koha item type Books
Koha issues (borrowed), all copies 12
Holdings
Withdrawn status Lost status Source of classification or shelving scheme Damaged status Not for loan Home library Current Library Shelving location Date acquired Total checkouts Full call number Barcode Date last seen Date last checked out Copy number Price effective from Koha item type
    Dewey Decimal Classification     GRACE BIBLE COLLEGE GRACE BIBLE COLLEGE Biblical Studies 2018-01-18 5 227.9 WIE 001659 2025-05-01 2024-01-27 c.1 2018-01-18 Books
    Dewey Decimal Classification     GRACE BIBLE COLLEGE GRACE BIBLE COLLEGE Biblical Studies 2018-07-24 3 227.9 WIE 001706 2025-09-04 2025-09-02 c.2 2018-07-24 Books
    Dewey Decimal Classification     GRACE BIBLE COLLEGE GRACE BIBLE COLLEGE Biblical Studies 2018-08-16 6 227.9 WIE 002664 2025-05-01 2025-03-12 c.3 2018-08-16 Books
© Grace Bible College Library 2025